| 000 | 01105nam a22003137a 4500 | ||
|---|---|---|---|
| 003 | CHAP | ||
| 005 | 20220329141612.0 | ||
| 008 | 971013s1976 r 00010 d | ||
| 010 | _a70837 | ||
| 011 | _a71809 | ||
| 035 | _a81363 | ||
| 040 | _cCHAP | ||
| 090 | _aTesis | ||
| 100 | 0 | 0 |
_aCalville Armendáriz, Francisco Javier. _917603 |
| 245 | _aDeterminación del rendimiento en la canal de conejos razas Nueva Zelanda blanco, Norfolk y el híbrido de estas dos razas | ||
| 260 |
_aMéxico, D. F. : _bEl autor, _c1976 |
||
| 300 |
_a85 h. _b: ilus. ; gráfs. |
||
| 502 | _aTesis (Méd. Vet. Zootecnista) -- UNAM. Fac. de Medicina Veterinaria y Zootecnia | ||
| 590 |
_aALEPH _b10 _c20130110 _lUCH01 _h1410 |
||
| 590 |
_aBATCH-UPD _b10 _c20130110 _lUCH01 _h0725 |
||
| 590 |
_aBATCH-UPD _b10 _c20130410 _lUCH01 _h0410 |
||
| 590 |
_aBATCH-UPD _b10 _c20130914 _lUCH01 _h0819 |
||
| 590 |
_aCONVERSION _b10 _c20130109 _lUCH01 _h1339 |
||
| 650 | 1 | 4 |
_aCarne de conejo en canal. _919152 |
| 650 | 1 | 4 |
_aCarne de conejo _xProducción. _919149 |
| 901 | _aBK | ||
| 942 | _cTESIS | ||
| 949 |
_bBC _cTES _d-34674 _eTS1 _i81363 _si |
||
| 999 |
_c70837 _d70837 |
||